| 000 | 01662nam a2200481 i 4500 | ||
|---|---|---|---|
| 001 | 38590 | ||
| 003 | KOSZ 005 | ||
| 005 | 20250722063910.0 | ||
| 008 | 990213s1999 pl a f |000 0 pol | ||
| 015 | _aPB 1999/1656 | ||
| 020 | _a8301127619 | ||
| 040 |
_aWA N _cWA N _dKOSZ 005/HR |
||
| 041 | 0 | _apol | |
| 046 | _k1999 | ||
| 080 | _a339.138(4-67)"1989/..." | ||
| 080 | _a366(4-67)"1989/..." | ||
| 080 | _a658.1/.5(4-67)"1989/..." | ||
| 080 | _a(07) | ||
| 100 | 1 |
_aSznajder, Andrzej _eAutor |
|
| 245 | 1 | 0 |
_aEuromarketing : _buwarunkowania na rynku Unii Europejskiej / _cAndrzej Sznajder ; Fundacja Edukacyjna Przedsiębiorczości. |
| 250 | _aWyd. 2 zaktualiz. | ||
| 260 |
_aWarszawa : _bWydawnictwo Naukowe PWN, _c1999. |
||
| 300 |
_a186, [2] s. : _b1 mapa, rys., wykr. ; _c24 cm. |
||
| 336 |
_2rdacontent _aTekst _btxt |
||
| 337 |
_2rdamedia _aBez urządzenia pośredniczącego _bn |
||
| 338 |
_2rdacarrier _aWolumin _bnc |
||
| 380 | _aKsiążki | ||
| 388 | _a1901-2000 | ||
| 388 | _a1989-2000 | ||
| 490 | 1 | _aPrzedsiębiorczość | |
| 504 | _aBibliogr. s. 185-[187]. | ||
| 610 | 2 | 4 | _aUnia Europejska (UE) |
| 648 | _a1901-2000 | ||
| 648 | _a1989-2000 | ||
| 650 | 4 | _aMarketing międzynarodowy | |
| 655 | 4 | _aPodręczniki akademickie | |
| 658 | _aZarządzanie i marketing | ||
| 710 | 2 |
_aWydawnictwo Naukowe PWN _4pbl. |
|
| 710 | 2 | _aFundacja Edukacyjna Przedsiębiorczości | |
| 830 | 0 | _aPrzedsiębiorczość (PWN) | |
| 856 | 4 | 1 |
_uhttp://koha.tu.koszalin.pl/cgi-bin/koha/opac-detail.pl?biblionumber=38590 _yKatalog online BPK |
| 942 |
_2UKD _cKS |
||
| 999 |
_c38590 _d38590 |
||